000 00704nam a2200289Ia 4500
005 20260324142113.0
008 008 260324s9999 xx 000 0 eng d
020 _a9781315048659
037 _aEBOOK
040 _aCRL
040 _beng
040 _cCRL
041 _2eng
041 _aeng
084 _qCRL
100 _aDale Cockrell
_91210698
245 0 _aPasticcio and Temperance Plays in America
245 0 _bIl Pesceballo (1862) and Ten Nights Volume 8
260 _bTaylor and Francis
260 _c1995
365 _a
365 _b145
856 _uhttp://www.taylorfrancis.com/books/9781315048659
942 _cEBOOK
999 _c1814508
_d1814508